书目信息 |
| 题名: |
中国法院2018年度案例
|
|
| 作者: | 曹士兵 主编 ;国家法官学院案例开发研究中心 编 | |
| 分册: | [4] 房屋买卖合同纠纷 | |
| 出版信息: | 北京 中国法制出版社 2018 |
|
| 页数: | 305页 | |
| 开本: | 25cm | |
| 丛书名: | ||
| 单 册: | ||
| 中图分类: | D923.65 , D920.5 | |
| 科图分类: | ||
| 主题词: | 房地产--fang di chan--买卖合同--经济纠纷--案例--中国--汇编--2018 | |
| 电子资源: | ||
| ISBN: | 978-7-5093-9125-9 | |
| 000 | 01108nam 2200289 450 | |
| 001 | 012001006171 | |
| 005 | 20191023143528.51 | |
| 010 | @a978-7-5093-9125-9@dCNY58.00 | |
| 099 | @aCAL 012018069961 | |
| 100 | @a20180607d2018 em y0chiy50 ea | |
| 101 | 0 | @achi |
| 102 | @aCN@b110000 | |
| 105 | @ay z 000yy | |
| 106 | @ar | |
| 200 | 1 | @a中国法院2018年度案例@Azhong guo fa yuan 2018 nian du an li@h[4]@i房屋买卖合同纠纷@f国家法官学院案例开发研究中心编 |
| 210 | @a北京@c中国法制出版社@d2018 | |
| 215 | @a305页@d25cm | |
| 314 | @a附属题名页题:主编曹士兵 | |
| 330 | @a本书所选案例均是国家法官学院从各地2017年上报的典型案例中挑选出来的精品案例,全面涵盖房屋买卖合同纠纷的内容。 | |
| 517 | 1 | @a房屋买卖合同纠纷@Afang wu mai mai he tong jiu fen |
| 606 | 0 | @a房地产@Afang di chan@x买卖合同@x经济纠纷@x案例@y中国@j汇编@z2018 |
| 690 | @aD923.65@v5 | |
| 690 | @aD920.5@v5 | |
| 701 | 0 | @a曹士兵@Acao shi bing@4主编 |
| 712 | 02 | @a国家法官学院案例开发研究中心@Aguo jia fa guan xue yuan an li kai fa yan jiu zhong xin@4编 |
| 801 | 2 | @aCN@b上海新华@c20191020 |
| 905 | @b1131118-21@dD923.65@e2073:4@f4 | |
| 中国法院2018年度案例.[4].房屋买卖合同纠纷/国家法官学院案例开发研究中心编.-北京:中国法制出版社,2018 |
| 305页;25cm |
| ISBN 978-7-5093-9125-9:CNY58.00 |
| 本书所选案例均是国家法官学院从各地2017年上报的典型案例中挑选出来的精品案例,全面涵盖房屋买卖合同纠纷的内容。 |
| ● |
| 相关链接 |
|
|
|
|
正题名:中国法院2018年度案例
索取号:D923.65/2073:4
 
预约/预借
| 序号 | 登录号 | 条形码 | 馆藏地/架位号 | 状态 | 备注 |
| 1 | 1131118 | 211311187 | 第一样本阅览室/ [索取号:D923.65/2073:4] | 在馆 | |
| 2 | 1131119 | 211311196 | 第一借阅区/ [索取号:D923.65/2073:4] | 在馆 | |
| 3 | 1131120 | 211311203 | 第一借阅区/ [索取号:D923.65/2073:4] | 在馆 | |
| 4 | 1131121 | 211311212 | 第一借阅区/ [索取号:D923.65/2073:4] | 在馆 |